MARC details
| 000 -LEADER |
| fixed length control field |
03386cam a22003978i 4500 |
| 001 - CONTROL NUMBER |
| control field |
22345524 |
| 003 - CONTROL NUMBER IDENTIFIER |
| control field |
CSPC |
| 005 - DATE AND TIME OF LATEST TRANSACTION |
| control field |
20251006112130.0 |
| 008 - FIXED-LENGTH DATA ELEMENTS--GENERAL INFORMATION |
| fixed length control field |
211213s2022 enk b 001 0 eng |
| 010 ## - LIBRARY OF CONGRESS CONTROL NUMBER |
| LC control number |
2021047984 |
| 020 ## - INTERNATIONAL STANDARD BOOK NUMBER |
| International Standard Book Number |
9780367632564 |
| Qualifying information |
(paperback) |
| 035 ## - SYSTEM CONTROL NUMBER |
| System control number |
22345524 |
| 040 ## - CATALOGING SOURCE |
| Original cataloging agency |
DLC |
| Language of cataloging |
eng |
| Description conventions |
rda |
| Transcribing agency |
DLC |
| Modifying agency |
CSPC |
| 042 ## - AUTHENTICATION CODE |
| Authentication code |
pcc |
| 050 00 - LIBRARY OF CONGRESS CALL NUMBER |
| Classification number |
LB1736 |
| Item number |
.F72 2022 |
| 082 00 - DEWEY DECIMAL CLASSIFICATION NUMBER |
| Classification number |
374.013 |
| Item number |
F847s |
| Edition number |
23/eng/20211213 |
| 100 1# - MAIN ENTRY--PERSONAL NAME |
| Personal name |
Francisco, Susanne, |
| Relator term |
author. |
| 245 10 - TITLE STATEMENT |
| Title |
Supporting the workplace learning of vocational and further education teachers : |
| Remainder of title |
mentoring and beyond / |
| Statement of responsibility, etc. |
Susanne Francisco. |
| 263 ## - PROJECTED PUBLICATION DATE |
| Projected publication date |
2203 |
| 264 #1 - PRODUCTION, PUBLICATION, DISTRIBUTION, MANUFACTURE, AND COPYRIGHT NOTICE |
| Place of production, publication, distribution, manufacture |
Abingdon, Oxon ; |
| -- |
New York, NY : |
| Name of producer, publisher, distributor, manufacturer |
Routledge, |
| Date of production, publication, distribution, manufacture, or copyright notice |
2022. |
| 300 ## - PHYSICAL DESCRIPTION |
| Extent |
xiv, 184 pages ; |
| Dimensions |
23 cm. |
| 336 ## - CONTENT TYPE |
| Content type term |
text |
| Content type code |
txt |
| Source |
rdacontent |
| 337 ## - MEDIA TYPE |
| Media type term |
unmediated |
| Media type code |
n |
| Source |
rdamedia |
| 338 ## - CARRIER TYPE |
| Carrier type term |
volume |
| Carrier type code |
nc |
| Source |
rdacarrier |
| 504 ## - BIBLIOGRAPHY, ETC. NOTE |
| Bibliography, etc. note |
Includes bibliographical references and index. |
| 505 0# - FORMATTED CONTENTS NOTE |
| Formatted contents note |
Teacher learning in the workplace -- Vocational and further education teacher vignettes -- Teachers learning how to go on -- Workplace arrangements that enable and constrain teacher learning -- A trellis of practices that support learning: more than mentoring -- Mentoring -- Learning in in-between spaces: creating communicative learning spaces -- Leading learning: building a trellis of practices to support professional learning -- So what, now what: where to from here? |
| 520 ## - SUMMARY, ETC. |
| Summary, etc. |
"Supporting the Workplace Learning of Vocational and Further Education Teachers is written to help people understand the arrangements in a workplace that enable and constrain teacher learning - and then to do something about it. It provides an accessible, research based, and practical guide to making changes in the workplace to enable teacher learning. The book illustrates approaches to supporting workplace learning through the extensive use of vignettes from real teachers and real teaching workplaces. With a focus on mentoring as an important component of teacher learning, it introduces the concept of a trellis of practices together with approaches for developing arrangements in the workplace that support teacher learning. It also examines the spaces between the personal and the professional and how these can become Communicative Learning Spaces where professional learning occurs. The strategies and ideas provided in this book can be implemented at a whole-of-organisation, teaching department, small team, or individual level. An essential resource for Vocational Education and Training (VET) and Further Education (FE) teachers and managers, as well as others who support teacher learning in the workplace, this book is written to help make a difference"-- |
| Assigning source |
Provided by publisher. |
| 650 #0 - SUBJECT ADDED ENTRY--TOPICAL TERM |
| Topical term or geographic name entry element |
Vocational teachers |
| General subdivision |
In-service training. |
| 650 #0 - SUBJECT ADDED ENTRY--TOPICAL TERM |
| Topical term or geographic name entry element |
Adult education teachers |
| General subdivision |
In-service training. |
| 650 #0 - SUBJECT ADDED ENTRY--TOPICAL TERM |
| Topical term or geographic name entry element |
Mentoring in education. |
| 776 08 - ADDITIONAL PHYSICAL FORM ENTRY |
| Relationship information |
Online version: |
| Main entry heading |
Francisco, Susanne. |
| Title |
Supporting the workplace learning of vocational and further education teachers |
| Place, publisher, and date of publication |
Abingdon, Oxon ; New York, NY : Routledge, 2022 |
| International Standard Book Number |
9781003112624 |
| Record control number |
(DLC) 2021047985 |
| 906 ## - LOCAL DATA ELEMENT F, LDF (RLIN) |
| a |
7 |
| b |
cbc |
| c |
orignew |
| d |
1 |
| e |
ecip |
| f |
20 |
| g |
y-gencatlg |
| 942 ## - ADDED ENTRY ELEMENTS (KOHA) |
| Source of classification or shelving scheme |
Dewey Decimal Classification |
| Koha item type |
Books |
| Edition |
23 |
| Classification part |
374.013 |
| Item part |
F847s |
| Call number prefix |
CIR |
| Call number suffix |
2022 |
| Suppress in OPAC |
No |